BSOP header

The philosophy of science (Record no. 51231)

MARC details
000 -LEADER
fixed length control field 01662cam a22003974a 4500
001 - CONTROL NUMBER
control field 13989569
005 - DATE AND TIME OF LATEST TRANSACTION
control field 20220128101529.0
008 - FIXED-LENGTH DATA ELEMENTS--GENERAL INFORMATION
fixed length control field 050602s2006 nyua be 001 0 eng
010 ## - LIBRARY OF CONGRESS CONTROL NUMBER
LC control number 2005044344
015 ## - NATIONAL BIBLIOGRAPHY NUMBER
National bibliography number GBA3T7593
Source bnb
016 7# - NATIONAL BIBLIOGRAPHIC AGENCY CONTROL NUMBER
Record control number 010981593
Source Uk
020 ## - INTERNATIONAL STANDARD BOOK NUMBER
International Standard Book Number 0415977096 (v. 1 : acidfree paper)
020 ## - INTERNATIONAL STANDARD BOOK NUMBER
International Standard Book Number 0415939275 (set : acidfree paper)
020 ## - INTERNATIONAL STANDARD BOOK NUMBER
International Standard Book Number 9780415939270 (set : acidfree paper)
020 ## - INTERNATIONAL STANDARD BOOK NUMBER
International Standard Book Number 041597710X (v. 2 : acidfree paper)
035 ## - SYSTEM CONTROL NUMBER
System control number (OCoLC)ocm60558736
040 ## - CATALOGING SOURCE
Original cataloging agency DLC
Transcribing agency DLC
Modifying agency YDX
-- BAKER
-- UKM
-- YUS
-- DLC
042 ## - AUTHENTICATION CODE
Authentication code pcc
245 04 - TITLE STATEMENT
Title The philosophy of science
Medium [electronic resource] :
Remainder of title an encyclopedia /
Statement of responsibility, etc Sahotra Sarkar, Jessica Pfeifer, editors ; editorial assistants, Justin Garson ... [et al.].
260 ## - PUBLICATION, DISTRIBUTION, ETC. (IMPRINT)
Place of publication, distribution, etc New York :
Name of publisher, distributor, etc Routledge,
Date of publication, distribution, etc 2006.
300 ## - PHYSICAL DESCRIPTION
Extent 2 v. (xxxviii, 965 p.) :
Other physical details ill. ;
Dimensions 29 cm.
336 ## - CONTENT TYPE
Content Type Term text
337 ## - MEDIA TYPE
Media Type Term computer
338 ## - CARRIER TYPE
Carrier Type Term online resource
440 ## - SERIES STATEMENT/ADDED ENTRY--TITLE
Volume number/sequential designation Vol. 1
504 ## - BIBLIOGRAPHY, ETC. NOTE
Bibliography, etc Includes bibliographical references and index.
505 0# - FORMATTED CONTENTS NOTE
Formatted contents note v. 1. A-M -- v. 2. N-Z, Index.
650 #0 - SUBJECT ADDED ENTRY--TOPICAL TERM
Topical term or geographic name as entry element Science
General subdivision Philosophy
Form subdivision Encyclopedias.
655 ## - INDEX TERM--GENRE/FORM
Genre/form data or focus term electronic books
700 1# - ADDED ENTRY--PERSONAL NAME
Personal name Sarkar, Sahotra.
700 1# - ADDED ENTRY--PERSONAL NAME
Personal name Pfeifer, Jessica.
856 ## - ELECTRONIC LOCATION AND ACCESS
Uniform Resource Identifier <a href="https://drive.google.com/file/d/13Ml8oVnxe2NrlFcpj1peVB4KXNYW9YF9/view?usp=sharing">https://drive.google.com/file/d/13Ml8oVnxe2NrlFcpj1peVB4KXNYW9YF9/view?usp=sharing</a>
906 ## - LOCAL DATA ELEMENT F, LDF (RLIN)
a 7
b cbc
c orignew
d 1
e ocip
f 20
g y-gencatlg
942 ## - ADDED ENTRY ELEMENTS (KOHA)
Source of classification or shelving scheme Library of Congress Classification
Item type eBooks
Holdings
Withdrawn status Lost status Source of classification or shelving scheme Damaged status Not for loan Home library Current library Date acquired Inventory number Total Checkouts Date last seen Price effective from Koha item type
    Library of Congress Classification     BSOP Library Digital Library 05/08/2024 eB-00445   05/08/2024 05/08/2024 eBooks
BSOP

Biblical Seminary of the Philippines
  All rights Reserved
  © 2024

CONTACT INFORMATION

Biblical Seminary of the Philippines,
  77-B Karuhatan Road, Valenzuela City,
  PHILIPPINES 1441
  Phone: +632 8292-6795 / 8292-6798
  Fax : +632 8292-6675
  Email: library@bsop.edu.ph